[Event "Let's Play Chess!"]
[Site "http://www.queenalice.com/game.php?id=616029"]
[Date "2009.7.10"]
[Round "-"]
[White "Viper3910"]
[Black "Angolano2010"]
[Result "0-1"]
[WhiteElo "1884"]
[BlackElo "1784"]

1. e4 c6 2. Nc3 d5 3. exd5 cxd5 4. d4 Nf6 5. Bb5+ Nc6 6. Bxc6+ bxc6 7. Bg5 Qd6
8. Bxf6 Qxf6 9. Nf3 Bg4 10. Qd3 Bxf3 11. gxf3 g6 12. O-O-O Bh6+ 13. Kb1 O-O 14.
h4 Rab8 15. Na4 Rb5 16. Nc5 Qd6 17. Qa3 Rfb8 18. b3 a5 19. Rd3 e5 20. c4 dxc4
21. dxe5 Qxc5 22. Qxc5 Rxc5 23. Rc3 Rxe5 24. Rxc4 Re6 25. f4 Bg7 26. h5 Rbe8 27.
h6 Re1+ 28. Rc1 Rxc1+ 29. Kxc1 Bd4 30. Rf1 Re4 31. Kd2 Rxf4 32. f3 Rh4 33. Kd3
c5 0-1

[Event "Let's Play Chess!"]
[Site "http://www.queenalice.com/game.php?id=616030"]
[Date "2009.7.9"]
[Round "-"]
[White "Be"]
[Black "Angolano2010"]
[Result "1-0"]
[WhiteElo "1813"]
[BlackElo "1804"]

1. e4 c6 2. b4 d5 3. Nc3 d4 4. Na4 e5 5. Bc4 b5 6. Bxf7+ Kxf7 7. Nb2 Bxb4 8. Nd3
Bd6 9. Ne2 Nf6 10. O-O c5 11. Ng3 c4 12. Ne1 Bb7 13. Qf3 Nd7 14. Nf5 Qc7 15. Rb1
a6 16. a4 Bc6 17. Qe2 Nxe4 18. Ng3 Nef6 19. Nf5 g6 20. Nh6+ Kg7 21. d3 e4 22.
dxe4 Bxe4 23. Ng4 Rae8 24. Qd1 Bc5 25. axb5 axb5 26. Rxb5 Nh5 27. Ba3 Bxa3 28.
Qxd4+ Nhf6 29. Qc3 Be7 30. f3 Bf5 31. Ne3 Be6 32. f4 Rhf8 33. Nf3 Kg8 34. Nd4
Bf7 35. f5 Bc5 36. fxg6 Bxg6 37. Qxc4+ Bf7 38. Qc3 Qa7 39. Ndf5 1-0

[Event "Let's Play Chess!"]
[Site "http://www.queenalice.com/game.php?id=616031"]
[Date "2009.7.10"]
[Round "-"]
[White "mpustil"]
[Black "Angolano2010"]
[Result "1-0"]
[WhiteElo "1635"]
[BlackElo "1828"]

1. e4 c6 2. Nc3 d5 3. Nf3 dxe4 4. Nxe4 Nd7 5. Bc4 Ngf6 6. Nfg5 e6 7. d3 Be7 8.
Nxf6+ Nxf6 9. Bd2 O-O 10. Bc3 b5 11. Bb3 Nd5 12. Bxd5 exd5 13. h4 b4 14. Bd2
Bxg5 15. Bxg5 Qe8+ 16. Be3 d4 17. Qf3 dxe3 18. fxe3 Bb7 19. e4 c5 20. Rf1 c4 21.
O-O-O cxd3 22. cxd3 f5 23. Qe3 Qc6+ 24. Kd2 fxe4 25. Rc1 Qd5 26. Rxf8+ Rxf8 27.
Qxe4 Qxe4 28. dxe4 Bxe4 29. g3 Rf2+ 30. Ke3 Rxb2 31. Kxe4 1-0

[Event "Let's Play Chess!"]
[Site "http://www.queenalice.com/game.php?id=616032"]
[Date "2009.7.9"]
[Round "-"]
[White "nunoportugal"]
[Black "Angolano2010"]
[Result "0-1"]
[WhiteElo "1601"]
[BlackElo "1813"]

1. e4 c6 2. d4 d5 3. Bf4 dxe4 4. Bxb8 Rxb8 5. Nc3 Bf5 6. d5 cxd5 7. Qd4 Nf6 8.
f3 exf3 9. Nxf3 e6 10. Qxa7 Bd6 11. O-O-O O-O 12. a3 Qc8 13. Nh4 Bg4 14. Be2
Bxe2 15. Nxe2 b5 16. b4 Ne4 17. Rdf1 Rb7 18. Qe3 Qc4 19. Kb2 Be5+ 20. c3 Ra8 21.
Nf3 Bf6 22. Nd2 Nxd2 23. Qxd2 Rba7 24. Ra1 h6 25. h4 Bxh4 26. Nd4 Bg5 27. Nf3
Bxd2 28. Nxd2 Qc7 29. Rhc1 Qg3 30. Rg1 Rc8 31. Rac1 Rac7 32. Nf3 Qf2+ 33. Rc2
Qe3 34. Rgc1 d4 35. Nxd4 Qe5 36. Re2 Qd5 37. g4 e5 38. Nf5 f6 39. Ne3 Qd3 0-1

[Event "Let's Play Chess!"]
[Site "http://www.queenalice.com/game.php?id=616033"]
[Date "2009.7.10"]
[Round "-"]
[White "Clemente"]
[Black "Angolano2010"]
[Result "0-1"]
[WhiteElo "1247"]
[BlackElo "1621"]

1. Nh3 Nf6 2. e3 e5 3. d4 exd4 4. exd4 d5 5. Qe2+ Be7 6. c4 O-O 7. cxd5 Qxd5 8.
Qxe7 Re8 9. Qe5 Rxe5+ 10. dxe5 Bxh3 11. exf6 Bg4 12. Nc3 Qe5+ 13. Be3 Nc6 0-1

[Event "Let's Play Chess!"]
[Site "http://www.queenalice.com/game.php?id=616034"]
[Date "2009.7.9"]
[Round "-"]
[White "Davidziak95"]
[Black "Angolano2010"]
[Result "0-1"]
[WhiteElo "1335"]
[BlackElo "1834"]

1. e4 c6 2. d4 d5 3. exd5 cxd5 4. c4 e6 5. Nc3 Nf6 6. Bg5 Be7 7. Nf3 O-O 8. Bd3
dxc4 9. Bxc4 b6 10. h4 Bb7 11. Bd3 Nbd7 12. Rh3 Nd5 13. Nxd5 Bxd5 14. Bxe7 Qxe7
15. Rg3 Nf6 16. Kf1 Nh5 17. Rg5 Nf4 18. Qd2 Nxd3 19. Qxd3 Rac8 20. b3 Rc7 0-1

[Event "Let's Play Chess!"]
[Site "http://www.queenalice.com/game.php?id=616035"]
[Date "2009.7.9"]
[Round "-"]
[White "spawnwolfwolverine"]
[Black "Angolano2010"]
[Result "0-1"]
[WhiteElo "1595"]
[BlackElo "1652"]

1. c4 Nf6 2. d3 d5 3. cxd5 Qxd5 4. Nc3 Qa5 5. Bd2 Qb6 6. Qb3 Qxb3 7. axb3 c6 8.
e4 e5 9. g3 Be6 10. Bh3 Bxb3 11. Nf3 Bd6 12. O-O Nbd7 13. Bxd7+ Kxd7 14. Ng5 h6
15. Nf3 Be6 16. Nh4 g6 17. f4 Bc5+ 18. Kg2 Kc7 19. fxe5 Ng4 20. Bf4 g5 21. Bxg5
hxg5 22. Nf5 Rxh2+ 23. Kf3 Nxe5# 0-1

[Event "Multiple moves per day"]
[Site "http://www.queenalice.com/game.php?id=616064"]
[Date "2009.7.9"]
[Round "-"]
[White "Angolano2010"]
[Black "El_Pagano1313"]
[Result "1-0"]
[WhiteElo "1574"]
[BlackElo "1545"]

1. d4 Nf6 2. c4 d5 3. cxd5 Nxd5 4. e4 Nb6 5. Nf3 e6 6. Nc3 Be7 7. Be2 O-O 8. O-O
Nc6 9. Be3 Bb4 10. a3 Bd6 11. e5 Nc4 12. exd6 Nxe3 13. dxc7 Qxc7 14. fxe3 e5 15.
Rc1 exd4 16. Nxd4 Nxd4 17. Qxd4 b6 18. Nd5 Qd7 19. Rc7 Qe6 20. Nf6+ Kh8 21. Nh5
Qg6 22. Rfxf7 Rxf7 23. Qd8+ 1-0

[Event "AUTO-OPEN-1615"]
[Site "http://www.queenalice.com/game.php?id=616138"]
[Date "2009.7.9"]
[Round "1"]
[White "fabke007"]
[Black "Angolano2010"]
[Result "1-0"]
[WhiteElo "2110"]
[BlackElo "1737"]

1. e4 c6 2. d4 d5 3. e5 Bf5 4. Nf3 e6 5. Bd3 Bxd3 6. Qxd3 c5 7. c3 c4 8. Qc2 Nc6
9. O-O Nge7 10. Bg5 h6 11. Bh4 g5 12. Bg3 Nf5 13. Nbd2 Be7 14. b3 b5 15. bxc4
bxc4 16. Rfb1 Qc7 17. Rb5 a6 18. Rbb1 O-O 19. h3 Nxg3 20. fxg3 Rab8 21. Rxb8
Rxb8 22. Rb1 Rxb1+ 23. Qxb1 Kg7 24. Qb2 Qb8 25. Qc2 a5 26. Nh2 Qb6 27. Kh1 Qb5
28. Ng4 Bd8 29. Nf3 a4 30. h4 gxh4 31. gxh4 a3 32. Qd2 Qb2 33. Qxh6+ Kg8 34. Ng5
Qc1+ 35. Kh2 Qf4+ 36. g3 Qd2+ 37. Kh3 Qd3 38. Nf6+ Bxf6 39. Qxf6 1-0

[Event "AUTO-OPEN-1615"]
[Site "http://www.queenalice.com/game.php?id=616139"]
[Date "2009.7.9"]
[Round "1"]
[White "Angolano2010"]
[Black "fabke007"]
[Result "0-1"]
[WhiteElo "1833"]
[BlackElo "2118"]

1. d4 Nf6 2. c4 g6 3. Nc3 Bg7 4. e4 d6 5. Nf3 O-O 6. Be2 Nbd7 7. O-O e5 8. d5
Nc5 9. Qc2 Ng4 10. b4 Na6 11. Rb1 f5 12. exf5 gxf5 13. Bg5 Qe8 14. h3 h6 15.
hxg4 hxg5 16. Nxg5 Qg6 17. Nh3 Qh6 18. g5 Qh4 19. a3 f4 20. Qg6 Bxh3 21. gxh3
Qxh3 22. Ne4 f3 0-1

[Event "AUTO-OPEN-1615"]
[Site "http://www.queenalice.com/game.php?id=616162"]
[Date "2009.7.9"]
[Round "1"]
[White "arvo1938"]
[Black "Angolano2010"]
[Result "1-0"]
[WhiteElo "1918"]
[BlackElo "1846"]

1. c4 Nf6 2. Nc3 e6 3. d4 Bb4 4. e3 c5 5. Nf3 O-O 6. Qc2 d5 7. a3 Bxc3+ 8. bxc3
Qc7 9. Bd3 dxc4 10. Bxc4 cxd4 11. cxd4 Qd6 12. a4 Nc6 13. Ba3 Nb4 14. Qb3 a5 15.
O-O b6 16. Rfd1 Bb7 17. Ne5 Nd7 18. Nxd7 Qxd7 19. Bxb4 axb4 20. Qxb4 Qc6 21. f3
Rfc8 22. Bb5 Qc3 23. Qxc3 Rxc3 24. Rac1 Rxe3 25. Rc7 Bd5 26. Rdc1 g6 27. Kf2 Ra3
28. Rc8+ Rxc8 29. Rxc8+ Kg7 30. Rb8 Ra2+ 31. Kg3 Rd2 32. Rxb6 Ra2 33. Be8 Rd2
34. Rb4 Ra2 35. h4 Ra3 36. Rb6 Kf6 37. Ra6 Rd3 38. Ra7 e5 39. dxe5+ Kg7 40. Bb5
Ra3 41. Rd7 Bb3 42. Ra7 h5 43. a5 Ba4 44. Bxa4 Rxa4 45. e6 1-0

[Event "AUTO-OPEN-1615"]
[Site "http://www.queenalice.com/game.php?id=616163"]
[Date "2009.7.9"]
[Round "1"]
[White "Angolano2010"]
[Black "arvo1938"]
[Result "1/2-1/2"]
[WhiteElo "1777"]
[BlackElo "1890"]

1. d4 Nf6 2. c4 e6 3. Nf3 b6 4. g3 Bb7 5. Bg2 c5 6. O-O Nc6 7. Bf4 d5 8. cxd5
Nxd5 9. Be5 f6 10. Bf4 Bd6 11. Bxd6 Qxd6 12. dxc5 Qxc5 13. Nbd2 O-O 14. Rc1 Qb5
15. Nb3 a5 16. Nfd4 Nxd4 17. Nxd4 Qd7 18. e3 Rac8 19. Qd2 h6 20. Rfd1 Qf7 21.
Nb5 Rxc1 22. Rxc1 Ba6 23. Nc3 Nxc3 24. Rxc3 Bb7 25. Qd6 Bxg2 26. Kxg2 Qb7+ 27.
Kg1 Qd5 28. Qxd5 exd5 29. Rc6 b5 30. Rd6 Rb8 31. Rxd5 a4 32. a3 Rb7 33. Rd4 Kf7
1/2-1/2

[Event "AUTO-OPEN-1615"]
[Site "http://www.queenalice.com/game.php?id=616178"]
[Date "2009.7.9"]
[Round "1"]
[White "Angolano2010"]
[Black "alfonso"]
[Result "1-0"]
[WhiteElo "1636"]
[BlackElo "1428"]

1. d4 d5 2. c4 c6 3. Nf3 Qa5+ 4. Nc3 e6 5. Bf4 Nd7 6. e3 f6 7. Bd3 Qb4 8. Qb3
Qa5 9. O-O g5 10. Bg3 Bb4 11. a3 Bxc3 12. bxc3 Qd8 13. cxd5 cxd5 14. c4 Nb6 15.
cxd5 exd5 16. Rac1 Bd7 17. Rc7 Rc8 18. Rfc1 Rxc7 19. Rxc7 Qxc7 20. Bxc7 Na4 21.
Qxd5 Nc3 22. Qb3 Nb5 23. Bxb5 Ke7 24. Qb4+ Ke8 25. Bxd7+ Kf7 26. Qc4+ Kg6 27.
Qe6 h5 28. Ne5+ Kg7 29. Qf7+ Kh6 30. Qg6# 1-0

[Event "AUTO-OPEN-1615"]
[Site "http://www.queenalice.com/game.php?id=616179"]
[Date "2009.7.9"]
[Round "1"]
[White "alfonso"]
[Black "Angolano2010"]
[Result "0-1"]
[WhiteElo "1430"]
[BlackElo "1616"]

1. e4 c6 2. Bc4 d5 3. Bd3 e5 4. Qf3 Nf6 5. Qg3 Qc7 6. Nf3 dxe4 7. Nxe5 exd3 8.
cxd3 Bd6 9. f4 O-O 10. O-O Nbd7 11. d4 c5 12. Qg5 Ne4 13. Qf5 Ndf6 14. Qxf6 Nxf6
15. Nd3 Bf5 16. Nf2 cxd4 17. d3 Rae8 18. Rd1 Bxf4 19. g3 Be3 20. Kg2 Qc6+ 21.
Kf1 Bh3+ 22. Ke2 Bxf2+ 23. Be3 Rxe3+ 24. Kd2 Nd5 25. Rc1 Qh6 26. Rc5 Re1+ 27.
Kc2 Rc1+ 28. Kb3 Qb6+ 29. Rb5 Qxb5+ 30. Ka3 Qb4# 0-1

[Event "Challenge"]
[Site "http://www.queenalice.com/game.php?id=635252"]
[Date "2009.8.12"]
[Round "-"]
[White "talisman77"]
[Black "Angolano2010"]
[Result "0-1"]
[WhiteElo "1750"]
[BlackElo "1768"]

1. d4 Nf6 2. c4 e6 3. Nc3 Bb4 4. Bd2 O-O 5. Nf3 c5 6. e3 d5 7. cxd5 exd5 8. dxc5
Bxc5 9. Bb5 Nc6 10. O-O Bg4 11. Be2 Ne4 12. Ne1 Be6 13. Nxe4 dxe4 14. Nc2 Ne5
15. Rc1 Bd6 16. Nb4 Qh4 17. g3 Qh3 18. f3 exf3 19. Bxf3 Nxf3+ 20. Qxf3 Rab8 21.
Nd3 Bg4 22. Qg2 Qh5 23. Be1 Be2 24. Rf2 Bxd3 25. Rd2 Qg6 26. Qd5 Be4 27. Qxd6
Qg4 28. Rf2 Rbd8 29. Qf4 Qg6 30. Bb4 Rfe8 31. Qc7 Bc6 32. Rcf1 Rd7 33. Qf4 Red8
34. Qc4 a6 35. Qe2 Bb5 36. Qc2 Bxf1 37. Rxf1 Qxc2 0-1

[Event "Challenge"]
[Site "http://www.queenalice.com/game.php?id=643747"]
[Date "2009.8.28"]
[Round "-"]
[White "bish"]
[Black "Angolano2010"]
[Result "1-0"]
[WhiteElo "1736"]
[BlackElo "1712"]

1. e4 d5 2. exd5 Qxd5 3. Nc3 Qd6 4. d4 Nf6 5. g3 Bg4 6. Be2 Bxe2 7. Ngxe2 g6 8.
Bf4 Qb6 9. b3 Bg7 10. a4 c5 11. d5 O-O 12. a5 Qd8 13. Be5 Nbd7 14. Bf4 Nh5 15.
Be3 b6 16. a6 Ne5 17. f4 Ng4 18. Qd3 b5 19. Bxc5 Qc7 20. b4 Qd7 21. Ra5 1-0

[Event "AUTO-INT-1369"]
[Site "http://www.queenalice.com/game.php?id=659473"]
[Date "2009.9.28"]
[Round "2"]
[White "Angolano2010"]
[Black "kiko_rs"]
[Result "0-1"]
[WhiteElo "1783"]
[BlackElo "1586"]

1. d4 Nf6 2. c4 g6 3. Nf3 Bg7 4. g3 O-O 5. Bg2 d6 6. O-O c6 7. Bg5 Nbd7 8. Nc3
Qb6 9. Qd2 e5 10. Rad1 e4 11. Nh4 Qa6 12. b3 b5 13. cxb5 cxb5 0-1

[Event "AUTO-INT-1369"]
[Site "http://www.queenalice.com/game.php?id=659474"]
[Date "2009.9.28"]
[Round "2"]
[White "kiko_rs"]
[Black "Angolano2010"]
[Result "1-0"]
[WhiteElo "1610"]
[BlackElo "1759"]

1. d4 Nf6 2. c4 e6 3. Nc3 Bb4 4. e3 c5 5. Ne2 O-O 6. g3 d5 7. Bg2 dxc4 8. O-O
Qe7 9. d5 exd5 10. Bxd5 Nxd5 11. Nxd5 Qe4 12. Nc7 Bh3 13. f3 Qc6 14. Nxa8 1-0